Vývoj spotrebných úverov na Slovensku od roku 2000 diplomová práca

Enregistré dans:
Détails bibliographiques
Auteur principal: Hettešová, Lucia
Collectivité auteur: Národohospodárska fakulta EU. Katedra bankovníctva a medzinárodných financií
Autres auteurs: Múčková, Viktória
Format: Livre
Langue:slovaque
Publié: Bratislava 2009
Tags: Ajouter un tag
Pas de tags, Soyez le premier à ajouter un tag!

MARC

LEADER 00000nam$a2200000$$$4500
001 0095331
005 20240319123440.2
041 0 |a slo 
044 |a SK 
245 1 0 |a Vývoj spotrebných úverov na Slovensku od roku 2000  |b diplomová práca  |c Lucia Hettešová ; škol. Viktória Múčková 
264 1 |a Bratislava  |c 2009 
300 |a 84 s. 
100 1 |a Hettešová, Lucia 
700 1 |a Múčková, Viktória 
710 2 |a Národohospodárska fakulta EU. Katedra bankovníctva a medzinárodných financií